Scénario pour 200 ans

সংরক্ষণ করুন:
গ্রন্থ-পঞ্জীর বিবরন
বিন্যাস: গ্রন্থ
ভাষা:Undetermined
প্রকাশিত: Paris Albin Michel 1976
বিষয়গুলি:
ট্যাগগুলো: ট্যাগ যুক্ত করুন
কোনো ট্যাগ নেই, প্রথমজন হিসাবে ট্যাগ করুন!
Thư viện lưu trữ: Trung tâm Học liệu Trường Đại học Cần Thơ
LEADER 00496nam a2200193Ia 4500
001 CTU_85902
008 210402s9999 xx 000 0 und d
082 |a 303.49 
082 |b S289 
245 0 |a Scénario pour 200 ans 
245 0 |c Herman Kahn ... [et al.] 
260 |a Paris 
260 |b Albin Michel 
260 |c 1976 
650 |a Twenty-first century 
650 |x Forecasts 
650 |z United states 
904 |i Năm 
980 |a Trung tâm Học liệu Trường Đại học Cần Thơ